LIBRARY & INFORMATION CENTRE, KCAET, TAVANUR

ONLINE PUBLIC ACCESS CATALOGUE (OPAC)

Kerala in agricultural statistics / (Record no. 4773)

MARC details
000 -LEADER
fixed length control field 01213cam a2200169ua 4500
041 ## - LANGUAGE CODE
Language code of text/sound track or separate title eng
082 ## - DEWEY DECIMAL CLASSIFICATION NUMBER
Classification number 630.072
Item number KER/KE
245 ## - TITLE STATEMENT
Title Kerala in agricultural statistics /
260 ## - PUBLICATION, DISTRIBUTION, ETC. (IMPRINT)
Place of publication Thrissur :
Name of publisher Kerala Agricultural University ,
Year of publication 1977.
300 ## - PHYSICAL DESCRIPTION
Number of Pages 118 ; .
942 ## - ADDED ENTRY ELEMENTS (KOHA)
Koha item type Books
Holdings
Withdrawn status Lost status Damaged status Home library Current library Date acquired Full call number Accession Number Koha item type
Withdrawn     KAUAET KAUAET 07/04/2012 630.072 13651 Books
Withdrawn     KAUAET KAUAET 07/04/2012 630.072 13653 Books
Withdrawn     KAUAET KAUAET 07/04/2012 630.072 13652 Books
free website counter